000 00563nam a22002297a 4500
003 UA-OsUOA
001 98402
007 ta
008 20130415b un ||||| |||| 00| 0 ukr d
100 _aРыбкин Н.
090 _a514.116
_bР93
942 _cBK
040 _aUA-OsUOA
_brus
_cUA-OsUOA
_dUA-OsUOA
245 _aПрямолинейная тригонометрия
300 _a114 с.
955 _a2
041 _arus
080 _a514.116
260 _aМ.
_bУчпедгиз
_c1953
650 7 _a514 Геометрія
_2UDC
999 _c385057
_d385057